000 00840nam a2200217 a 4500
001 44535
003 BD-RjUL
005 20211209053857.0
008 160718s ii ||||| |||| 00| 0 ben d
035 _a(BD-RjUL)44653
040 _aBD-RjUL
_bben
_cBD-RjUL
041 _aben
082 _223
_a891.4408
_bDAB
100 _aদাস, শ্রীমণীন্দ্রনাথ
_9136662
245 _aবিচিত্র প্রসঙ্গ /
_c শ্রীমণীন্দ্রনাথ দাস
260 _aকলিকাতা :
_bমিত্র ও ঘোষ,
300 _a[৬], ২৩৪ :
_bচিত্র ;
_c১৯ সেমি.
650 _aবাংলা সাহিত্য
_vসংগৃহিত প্রবন্ধ
_9136663
650 _aBengali literature
_vCollected Essay
_9136664
942 _2ddc
_cBK
999 _c44535
_d44535